Diatomic elements HOFBrINCl - Statistics

General Stats
  • This quiz has been taken 51 times
  • The average score is 7 of 7
Answer Stats
Hint Answer % Correct
H Hydrogen
100%
O Oxygen
100%
Br Bromine
97%
I Iodine
97%
N Nitrogen
97%
Cl Chlorine
94%
F Fluorine
94%
No matching quizzes found
Score Distribution
Percent of People with Each Score
Percentile by Number Answered
Your Score History
You have not taken this quiz